000 01702cam a2200373 a 4500
001 2861
003 FISKH
005 20240118135632.0
008 020624s2003 mau 000 1 eng
010 _a 2002073059
020 _a0316602051
020 _a9780755300204
040 _aDLC
_cDLC
_dDLC
043 _ae-fr---
050 0 0 _aPS3566.A822
_bJ48 2003
082 0 0 _a813/.54
_221
100 1 _aPatterson, James,
_d1947-
245 1 4 _aThe jester :
_ba novel /
_cby James Patterson and Andrew Gross.
250 _aThis Edition published in 2004
260 _aLondon :
_bHead line,
_c2003
300 _a527 pages ;
_c18 cm
520 _aHugh De Luc, a poor innkeeper, returns home from the First Crusade wearied from battle and disillusioned by carnage. After journeying from the Holy Land back to his own small village, he finds his nightmare is just beginning." In his absence, Hugh's son has been killed and his beloved wife, Sophie, abducted by a ruthless duke in search of a priceless relic dating back to the Crucifixion. Taking on the role of a jester, Hugh infiltrates the court where he believes Sophie is held captive. There he confronts men more evil than he ever imagined and embarks on an epic battle to restore his broken life.
650 0 _aFools and jesters
_vFiction.
650 0 _aKidnapping
_vFiction.
650 0 _aNobility
_vFiction.
650 0 _aCrusades
_vFiction.
650 0 _aRelics
_vFiction.
651 0 _aFrance
_xHistory
_yMedieval period, 987-1515
_vFiction.
655 7 _aHistorical fiction.
_2gsafd
655 7 _aSuspense fiction.
_2gsafd
700 1 _aGross, Andrew,
_d1952-
906 _a7
_bcbc
_corignew
_d1
_eocip
_f20
_gy-gencatlg
942 _2ddc
_cBK
_n0
999 _c2861
_d2861